| Tag |
First Indicator |
Second Indicator |
Subfields |
| LEADER |
00000cam a2200000 4500 |
| 001 |
in00000038571 |
| 005 |
20151007081135.0 |
| 008 |
750113s1966 eng u |
| 010 |
|
|
|a 66075110
|
| 035 |
|
|
|a (OCoLC)01138706
|
| 035 |
|
|
|9 AAF5931AM
|
| 040 |
|
|
|c RSC
|d TXA
|d UtOrBLW
|
| 049 |
|
|
|a TXAM
|c [476801]
|
| 050 |
|
0 |
|a B837
|b .W47
|
| 082 |
0 |
|
|a 149.73
|
| 092 |
|
|
|a 149.73
|b W676c
|
| 100 |
1 |
|
|a Wiley, Margaret Lenore,
|d 1908-
|
| 245 |
1 |
0 |
|a Creative sceptics /
|c by Margaret L. Wiley.
|
| 264 |
|
1 |
|a London :
|b Allen & Unwin,
|c 1966.
|
| 300 |
|
|
|a 352 pages ;
|c 22 cm.
|
| 336 |
|
|
|a text
|b txt
|2 rdacontent
|
| 337 |
|
|
|a unmediated
|b n
|2 rdamedia
|
| 338 |
|
|
|a volume
|b nc
|2 rdacarrier
|
| 500 |
|
|
|a Includes chapters on Indian philosophy.
|
| 504 |
|
|
|a Bibliographical footnotes.
|
| 650 |
|
0 |
|a Skepticism.
|
| 999 |
|
|
|a MARS
|
| 999 |
f |
f |
|s 475aac9e-4bc1-3821-8748-7533872af224
|i 58ccf84e-f059-3ed6-9958-fa6a269ee7ee
|t 0
|
| 952 |
f |
f |
|p ric
|a Texas A&M University
|b Rellis Campus
|c Joint Library Facility
|d Remote Storage
|t 0
|e B837 .W47
|h Library of Congress classification
|i unmediated -- volume
|m A14800519551
|
| 998 |
f |
f |
|a B837 .W47
|t 0
|l Remote Storage
|